Practical book of pharmaceutical Engineering (Record no. 11103)

MARC details
000 -LEADER
fixed length control field 00455nam a22001577a 4500
003 - CONTROL NUMBER IDENTIFIER
control field OSt
008 - FIXED-LENGTH DATA ELEMENTS--GENERAL INFORMATION
fixed length control field 220228b ||||| |||| 00| 0 eng d
082 ## - DEWEY DECIMAL CLASSIFICATION NUMBER
Classification number 610.28 RAP
100 ## - MAIN ENTRY--PERSONAL NAME
Personal name RANE,Bhushan R & other
245 ## - TITLE STATEMENT
Title Practical book of pharmaceutical Engineering
250 ## - EDITION STATEMENT
Edition statement 4th
260 ## - PUBLICATION, DISTRIBUTION, ETC. (IMPRINT)
Place of publication, distribution, etc New Delhi
Name of publisher, distributor, etc Nirali
Date of publication, distribution, etc 2020
300 ## - PHYSICAL DESCRIPTION
Extent pg64
650 ## - SUBJECT ADDED ENTRY--TOPICAL TERM
Topical term or geographic name as entry element Pharmaceutics- Drug Delivery Systems,Pharmaceutical Engineering regularity Science
942 ## - ADDED ENTRY ELEMENTS (KOHA)
Source of classification or shelving scheme Dewey Decimal Classification
Koha item type Text Books
Holdings
Withdrawn status Lost status Source of classification or shelving scheme Damaged status Not for loan Collection code Home library Current library Date acquired Source of acquisition Currency Cost, normal purchase price Bill Number Total Checkouts Full call number Acc. no. / Barcode Date last seen Actual Cost, discounted price Bill Date Koha item type
    Dewey Decimal Classification     B.Pharma PIET C-LIBRARY PIET C-LIBRARY 24/02/2022 Kirthi Prakashan Indian Rup 60.00 IN3528   610.28 RAP BP1772 28/02/2022 45.00 24/02/2022 Text Books
    Dewey Decimal Classification     B.Pharma PIET C-LIBRARY PIET C-LIBRARY 24/02/2022 Kirthi Prakashan Indian Rup 60.00 IN3528   610.28 RAP BP1773 28/02/2022 45.00 24/02/2022 Text Books
    Dewey Decimal Classification     B.Pharma PIET C-LIBRARY PIET C-LIBRARY 24/02/2022 Kirthi Prakashan Indian Rup 60.00 IN3528   610.28 RAP BP1774 28/02/2022 45.00 24/02/2022 Text Books

Design & Developed by: PIET Central Library
R70 Miles Stone Pattikalyana Samalkha Panipat 132102
mail ID :- [email protected], Phone No:- 0180-2569700 Ex.216